[Event "Duisburg Grossenbaum op"]
[Site "Duisburg"]
[Date "2004.05.31"]
[Round "7"]
[White "Foehl, Michael"]
[Black "Wippich, Juergen"]
[Result "0-1"]
[WhiteElo "1310"]
[BlackElo "1593"]
[PlyCount "40"]
[EventDate "2004.05.28"]
[EventType "swiss"]
[EventRounds "7"]
[EventCountry "GER"]
[SourceTitle "EXT 2006"]
[Source "ChessBase"]
[SourceDate "2005.11.24"]
[SourceVersion "1"]
[SourceVersionDate "2005.11.24"]
[SourceQuality "1"]

1. d4 d5 2. Nf3 c6 3. c4 Nf6 4. Nc3 g6 5. cxd5 cxd5 6. Bf4 Bg7 7. e3 a6 8. h3 0-0 9. Bd3 Nc6 10. a3 b5 11. 0-0 Bb7 12. Re1 Rc8 13. Rc1 Na5 14. b3 Nc6 15. b4 Re8 16. Bh2 Nd7 17. Ng5 e5 18. Nxf7 Kxf7 19. Qf3+ Nf6 20. Nxd5 Qxd5 0-1

[Event "Duisburg Grossenbaum op"]
[Site "Duisburg"]
[Date "2004.05.28"]
[Round "1"]
[White "Doering, Carsten"]
[Black "Foehl, Michael"]
[Result "1-0"]
[WhiteElo "1959"]
[BlackElo "1310"]
[PlyCount "47"]
[EventDate "2004.05.28"]
[EventType "swiss"]
[EventRounds "7"]
[EventCountry "GER"]
[SourceTitle "EXT 2006"]
[Source "ChessBase"]
[SourceDate "2005.11.24"]
[SourceVersion "1"]
[SourceVersionDate "2005.11.24"]
[SourceQuality "1"]

1. d4 d5 2. c4 c6 3. Nc3 Nf6 4. Nf3 Nbd7 5. e3 e6 6. Qc2 Be7 7. b3 b6 8. Bd3 c5 9. cxd5 Nxd5 10. Nxd5 exd5 11. 0-0 Nf6 12. Ne5 Bd6 13. Bb2 Be6 14. Bb5+ Nd7 15. Nxd7 Bxd7 16. Bxd7+ Qxd7 17. dxc5 Qc7 18. g3 0-0 19. Qc3 f6 20. cxd6 Qxd6 21. Rac1 Rfd8 22. Qc7 Qe6 23. Rc3 Rac8 24. Qxd8+ 1-0